000 01117nab a22002297a 4500
999 _c5464
_d5464
003 OSt
005 20251113131553.0
008 190604e xxu||||| |||| 00| 0 spa d
040 _cPJ
100 _96115
_aPravato, Luis Emilio
245 1 3 _aNacionalidad y ciudadanía :
_bbreves reflexiones sobre la vigencia de la antigua ley 346 /
_cLuis Emilio Pravato.
260 _aCiudad Autónoma de Buenos Aires :
_bThomson Reuters La Ley,
_c2025.
300 _ap. 5-15
500 _aCita Online: TR LALEY AR/DOC/1501/2025.
505 _tSumario: Introducción.— II. El pensamiento de Alberdi.— III. La reforma constitucional de 1860.— IV. La ley 346.— V. La nacionalidad de la mujer casada.— VI. A modo de conclusión.
505 _t¿Te interesa el texto completo? Solicitalo al correo: koha@justierradelfuego.gov.ar
650 0 _9178
_aDERECHO CONSTITUCIONAL
650 0 _96467
_aNACIONALIDAD
650 0 _96468
_aCIUDADANIA
773 0 _02714
_93171
_dCiudad Autónoma de Buenos Aires : Thomson Reuters La Ley, 2014-
_tRevista anales de legislación argentina. Nº 7 - Julio 2025.
942 _2udc
_cANA